[Event "Students Op 2013"]
[Site "Ulyanovsk"]
[Date "2013.03.31"]
[Round "5.4"]
[White "Uryadov, Sergey S"]
[Black "Saveliev, Dmitri"]
[Result "1-0"]
[WhiteElo "1977"]
[BlackElo "2106"]
[PlyCount "105"]
[EventDate "2013.04.07"]
[EventType "swiss"]
[EventRounds "9"]
[EventCountry "RUS"]
[SourceDate "2005.09.12"]

1. d4 d5 2. Nf3 Nf6 3. c4 e6 4. Nc3 c5 5. cxd5 Nxd5 6. e4 Nxc3 7. bxc3 cxd4 8.
cxd4 Bb4+ 9. Bd2 Qa5 10. Bxb4 Qxb4+ 11. Qd2 Qxd2+ 12. Kxd2 Nc6 13. Bb5 Bd7 14.
d5 Ne5 15. Bxd7+ Nxd7 16. dxe6 fxe6 17. Rac1 O-O 18. Rc7 Rfd8 19. Ke3 Rac8 20.
Rhc1 Nb6 21. Ng5 e5 22. Rxc8 Rxc8 23. Rxc8+ Nxc8 24. Nf3 Kf7 25. Nxe5+ Ke6 26.
f4 Nd6 27. Nd3 b6 28. f5+ Kd7 29. g4 Nb5 30. e5 Nc3 31. g5 a5 32. Nf4 b5 33. f6
gxf6 34. gxf6 b4 35. e6+ Ke8 36. Kd4 Nb5+ 37. Kc5 Nc3 38. f7+ Kf8 39. Kd6 Ne4+
40. Kd7 Nc5+ 41. Kc6 a4 42. Kxc5 b3 43. axb3 a3 44. Kd6 a2 45. Kd7 a1=Q 46. e7+
Kxf7 47. e8=Q+ Kg7 48. Ne6+ Kh6 49. Qe7 Qd1+ 50. Ke8 Qh5+ 51. Kf8 Qf3+ 52. Kg8
Qf7+ 53. Kxf7 1-0

[Event "Students Op 2013"]
[Site "Ulyanovsk"]
[Date "2013.03.31"]
[Round "5.5"]
[White "Sounov, Batyr"]
[Black "Samborskiy, Vadim"]
[Result "1-0"]
[WhiteElo "1877"]
[BlackElo "2080"]
[PlyCount "87"]
[EventDate "2013.04.07"]
[EventType "swiss"]
[EventRounds "9"]
[EventCountry "RUS"]
[SourceDate "2005.09.12"]

1. e4 e5 2. Nf3 Nf6 3. Nc3 Bb4 4. Bc4 d6 5. h3 O-O 6. d3 c6 7. O-O h6 8. Bb3
Be6 9. Ne2 Nbd7 10. c3 Ba5 11. Ng3 Bb6 12. d4 exd4 13. cxd4 Bxb3 14. Qxb3 Re8
15. Re1 Nf8 16. Bd2 Ne6 17. Bc3 d5 18. e5 Nh7 19. h4 Nhf8 20. Rad1 Ng6 21. Nf5
Rb8 22. Bb4 Ba5 23. Bd6 Bxe1 24. Rxe1 Ra8 25. h5 Ngf4 26. g3 Nxh5 27. Kg2 Qb6
28. Qd1 Qxb2 29. Rh1 g6 30. Nxh6+ Kg7 31. Nf5+ Kg8 32. Rxh5 gxh5 33. N3h4 Ng7
34. Nxg7 Kxg7 35. Qxh5 Re6 36. Qg5+ Kh7 37. Nf5 Rg6 38. Qh5+ Kg8 39. Ne7+ Kg7
40. Nf5+ Kg8 41. Be7 Re8 42. Bf6 Rxf6 43. exf6 Re2 44. Ne7+ 1-0

[Event "Students Op 2013"]
[Site "Ulyanovsk"]
[Date "2013.03.31"]
[Round "5.6"]
[White "Tsai, Roman"]
[Black "Beldyugin, Alexey"]
[Result "0-1"]
[WhiteElo "1816"]
[BlackElo "2061"]
[PlyCount "48"]
[EventDate "2013.04.07"]
[EventType "swiss"]
[EventRounds "9"]
[EventCountry "RUS"]
[SourceDate "2005.09.12"]

1. e4 e6 2. d4 d5 3. exd5 Qxd5 4. Nf3 Nf6 5. a3 c5 6. Nc3 Qd8 7. Bb5+ Bd7 8.
O-O Bxb5 9. Nxb5 a6 10. Nc3 Nc6 11. dxc5 Bxc5 12. Bg5 Qc7 13. Bxf6 gxf6 14. Ne4
Be7 15. Qd3 f5 16. Ng3 h5 17. Rfe1 h4 18. Ne2 Bd6 19. c4 O-O-O 20. Qc3 Ne5 21.
Nd2 Bc5 22. Rf1 Rd3 23. Qc2 h3 24. g3 Rxd2 0-1

[Event "Students Op 2013"]
[Site "Ulyanovsk"]
[Date "2013.03.31"]
[Round "5.7"]
[White "Parfenov, Vladimir"]
[Black "Kolosov, Anatoly"]
[Result "0-1"]
[WhiteElo "2063"]
[BlackElo "1915"]
[PlyCount "70"]
[EventDate "2013.04.07"]
[EventType "swiss"]
[EventRounds "9"]
[EventCountry "RUS"]
[SourceDate "2005.09.12"]

1. d4 Nf6 2. Nc3 e6 3. e4 Bb4 4. Bd3 d5 5. Bg5 h6 6. Bxf6 Qxf6 7. e5 Qe7 8. a3
Bxc3+ 9. bxc3 c5 10. f4 Nc6 11. Nf3 Qc7 12. O-O Ne7 13. Qd2 c4 14. Be2 Bd7 15.
Nh4 O-O-O 16. g3 f5 17. exf6 gxf6 18. Bg4 h5 19. Bh3 f5 20. Rfe1 Rh6 21. Nf3
Ng8 22. Ng5 Re8 23. Bg2 h4 24. Bf3 hxg3 25. hxg3 Nf6 26. Nf7 Rg6 27. Kg2 Reg8
28. Ng5 Ne4 29. Bxe4 fxe4 30. Rh1 Qd8 31. Rh7 Be8 32. Rb1 Qf6 33. Kg1 Bc6 34.
Rf1 Qf5 35. Qe3 Rxg5 0-1

[Event "Students Op 2013"]
[Site "Ulyanovsk"]
[Date "2013.03.31"]
[Round "5.14"]
[White "Pegov, Valery"]
[Black "Peruhin, Anatoliy"]
[Result "1-0"]
[WhiteElo "1641"]
[BlackElo "1633"]
[PlyCount "58"]
[EventDate "2013.04.07"]
[EventType "swiss"]
[EventRounds "9"]
[EventCountry "RUS"]
[SourceDate "2005.09.12"]

1. e4 c5 2. Nf3 d6 3. d4 cxd4 4. Nxd4 Nf6 5. Nc3 a6 6. Be2 e6 7. O-O Be7 8. f4
Nc6 9. Be3 O-O 10. Kh1 Nxd4 11. Bxd4 b5 12. Qd3 Bb7 13. e5 Ne8 14. Rad1 d5 15.
Qh3 g6 16. Rf3 Kg7 17. Bd3 Bc8 18. g4 f5 19. g5 Rf7 20. Qg2 Kg8 21. Be3 Qa5 22.
Qf1 Qc7 23. a3 Bb7 24. h4 Rc8 25. Rh3 Bc5 26. h5 Bd4 27. Qf3 Qc5 28. hxg6 hxg6
29. Rh6 Rg7 1-0

[Event "Students Op 2013"]
[Site "Ulyanovsk"]
[Date "2013.03.31"]
[Round "6.2"]
[White "Mirzaev, Aziz"]
[Black "Kovtun, Sergey"]
[Result "1-0"]
[WhiteElo "2182"]
[BlackElo "2025"]
[PlyCount "57"]
[EventDate "2013.04.07"]
[EventType "swiss"]
[EventRounds "9"]
[EventCountry "RUS"]
[SourceDate "2005.09.12"]

1. d4 Nf6 2. c4 e6 3. Nf3 Bb4+ 4. Bd2 Bxd2+ 5. Qxd2 Ne4 6. Qc2 f5 7. g3 Qf6 8.
Bg2 O-O 9. O-O Nc6 10. e3 b6 11. Nbd2 Nxd2 12. Nxd2 Bb7 13. Qa4 Rf7 14. Nf3 d6
15. Ne5 dxe5 16. Bxc6 Bxc6 17. Qxc6 Rd8 18. dxe5 Qxe5 19. Rad1 Rff8 20. h4 a5
21. b3 h6 22. h5 Kh7 23. Rd7 Rxd7 24. Qxd7 Qd6 25. Rd1 Qe5 26. Rd4 Rf6 27. Qe8
f4 28. Rd8 Qa1+ 29. Kg2 1-0

[Event "Students Op 2013"]
[Site "Ulyanovsk"]
[Date "2013.03.31"]
[Round "6.3"]
[White "Beldyugin, Alexey"]
[Black "Kolosov, Anatoly"]
[Result "1/2-1/2"]
[WhiteElo "2061"]
[BlackElo "1915"]
[PlyCount "120"]
[EventDate "2013.04.07"]
[EventType "swiss"]
[EventRounds "9"]
[EventCountry "RUS"]
[SourceDate "2005.09.12"]

1. c4 Nf6 2. g3 e6 3. Bg2 d5 4. Nf3 c6 5. O-O Be7 6. b3 Nbd7 7. Bb2 O-O 8. d3
Qc7 9. Nbd2 e5 10. cxd5 cxd5 11. Rc1 Qb8 12. Qc2 Re8 13. Qc7 Bd6 14. Qxb8 Rxb8
15. Rc2 b6 16. Rfc1 Bb7 17. Nh4 g6 18. Nb1 Bc5 19. Ba3 a5 20. Bxc5 bxc5 21. Nc3
Bc6 22. e4 d4 23. Nd5 Nxd5 24. exd5 Bb5 25. Rd2 f5 26. g4 e4 27. Bf1 e3 28.
fxe3 dxe3 29. Rdc2 fxg4 30. Be2 g5 31. Nf5 Re5 32. Nh6+ Kg7 33. Nxg4 Rxd5 34.
Nxe3 Re5 35. Ng4 Re7 36. Nf2 Rbe8 37. Ne4 Bc6 38. Bh5 Rg8 39. Nxc5 Nf6 40. Be2
g4 41. Bf1 Bf3 42. Bg2 Kh6 43. Kf2 Rf8 44. Re1 Nd5 45. Rxe7 Nxe7 46. Kg1 Nd5
47. Nd7 Rf5 48. Rc5 Bxg2 49. Nb6 Bf3 50. Rxa5 Kg5 51. Nc4 Nb4 52. Ra7 h5 53. d4
h4 54. Ne5 h3 55. Kf2 Bg2+ 56. Kg3 Nc6 57. Rg7+ Kh5 58. Rh7+ Kg5 59. Rg7+ Kh5
60. Rh7+ Kg5 1/2-1/2

[Event "Students Op 2013"]
[Site "Ulyanovsk"]
[Date "2013.03.31"]
[Round "6.4"]
[White "Sounov, Batyr"]
[Black "Uryadov, Sergey S"]
[Result "1-0"]
[WhiteElo "1877"]
[BlackElo "1977"]
[PlyCount "91"]
[EventDate "2013.04.07"]
[EventType "swiss"]
[EventRounds "9"]
[EventCountry "RUS"]
[SourceDate "2005.09.12"]

1. e4 e6 2. d4 d5 3. Nc3 Nf6 4. e5 Nfd7 5. Nce2 c5 6. c3 Nc6 7. f4 cxd4 8. cxd4
f6 9. Nf3 fxe5 10. fxe5 Bb4+ 11. Nc3 O-O 12. Be3 Qb6 13. Qd2 Ne7 14. Bd3 Nf5
15. Bf2 Qd8 16. O-O Nb6 17. a3 Be7 18. Rac1 a6 19. Ne2 Bd7 20. Ng3 Nh4 21. Nxh4
Bxh4 22. Qe2 Rc8 23. b3 Qe7 24. a4 Bg5 25. Be3 Bxe3+ 26. Qxe3 Rxc1 27. Rxc1 Qh4
28. Ne2 Nc8 29. g3 Qd8 30. Bb1 Ne7 31. Qg5 Nc6 32. Qh5 g6 33. Qg4 Ne7 34. Nf4
Qb6 35. Nh5 Qxb3 36. Qg5 Qb2 37. Nf6+ Kg7 38. Rf1 Qxd4+ 39. Kg2 Qb2+ 40. Kh3
Qe2 41. Rf4 Bc6 42. Bd3 Qd1 43. Rh4 h5 44. Rxh5 Rh8 45. Rxh8 Kxh8 46. Qh6# 1-0

[Event "Students Op 2013"]
[Site "Ulyanovsk"]
[Date "2013.03.31"]
[Round "6.5"]
[White "Breskanu, Nikita"]
[Black "Olisov, Andrey"]
[Result "0-1"]
[WhiteElo "1489"]
[BlackElo "2149"]
[PlyCount "132"]
[EventDate "2013.04.07"]
[EventType "swiss"]
[EventRounds "9"]
[EventCountry "RUS"]
[SourceDate "2005.09.12"]

1. c4 g6 2. Nc3 Bg7 3. g3 e5 4. Bg2 d6 5. e3 Nd7 6. Nge2 Ngf6 7. O-O O-O 8. b3
Re8 9. Bb2 c6 10. Qc2 Qe7 11. Rad1 Nf8 12. d3 h5 13. Rd2 h4 14. h3 hxg3 15.
fxg3 Bh6 16. Nd1 N8h7 17. Nec3 Ng5 18. g4 Ngh7 19. Rdf2 Be6 20. Bc1 d5 21. e4
Bxc1 22. Qxc1 dxc4 23. bxc4 Rad8 24. Nb2 Nd7 25. Rd1 Nc5 26. Ne2 Bc8 27. Qe3
Kg7 28. Rdf1 Rf8 29. Nc1 b6 30. Qe1 Rd6 31. Qc3 f6 32. Nb3 Rdd8 33. Qb4 Ng5 34.
Nxc5 bxc5 35. Qa5 Ne6 36. Na4 Rxd3 37. Rd2 Rxd2 38. Qxd2 Qd8 39. Rd1 Qd4+ 40.
Qxd4 cxd4 41. Bf1 c5 42. Rb1 Rf7 43. Rb8 Bd7 44. Nb2 Bc6 45. Bg2 Rb7 46. Rxb7+
Bxb7 47. Kh2 Kf7 48. h4 Bc6 49. Kg3 Nf4 50. Bf3 Bd7 51. Kf2 Ke7 52. a3 Be6 53.
Kg3 Bg8 54. Kf2 Kd6 55. Kg3 Bh7 56. Kf2 f5 57. Kg3 Ne6 58. Nd3 Ng7 59. Nb2 Ne8
60. g5 Bg8 61. Kf2 Bf7 62. Ke2 Be6 63. Kf2 Bd7 64. Kg3 Bc6 65. Nd1 fxe4 66. h5
gxh5 0-1

[Event "Students Op 2013"]
[Site "Ulyanovsk"]
[Date "2013.03.31"]
[Round "6.7"]
[White "Sinicin, Vladimir"]
[Black "Arslanov, Ildar"]
[Result "0-1"]
[WhiteElo "1655"]
[BlackElo "2138"]
[PlyCount "109"]
[EventDate "2013.04.07"]
[EventType "swiss"]
[EventRounds "9"]
[EventCountry "RUS"]
[SourceDate "2005.09.12"]

1. e4 c5 2. Nf3 e6 3. d4 cxd4 4. Nxd4 Nf6 5. Nc3 d6 6. Be2 Nc6 7. Be3 Be7 8. f4
Qc7 9. g4 O-O 10. g5 Nd7 11. f5 Nxd4 12. Qxd4 Ne5 13. O-O-O exf5 14. Nd5 Qd8
15. h4 fxe4 16. Qxe4 Be6 17. Bd4 Bxd5 18. Qxd5 Nc6 19. Bc3 Qc8 20. Bc4 Ne5 21.
Bb3 Qc6 22. Rhf1 Qxd5 23. Bxd5 Nc6 24. Rde1 Bd8 25. Rxf7 Bxg5+ 26. Rf4+ Kh8 27.
hxg5 Rxf4 28. g6 Raf8 29. Bf7 h5 30. b3 R8xf7 31. gxf7 Rxf7 32. Rh1 Rf5 33. Rg1
Ne5 34. Rd1 Rf6 35. Rh1 g6 36. Bd2 Kg8 37. Bg5 Rf5 38. Be7 Nf7 39. Rd1 d5 40.
Bc5 b6 41. Bd4 Nd6 42. Kd2 h4 43. Rh1 Rh5 44. Ke2 Nf5 45. Be5 Kf7 46. Kf3 Nh6
47. Bd4 g5 48. Kg2 g4 49. c3 Nf5 50. Rf1 h3+ 51. Kh1 g3 52. Rf3 Kg6 53. Be5 Rg5
54. Kg1 h2+ 55. Kg2 0-1

[Event "Students Op 2013"]
[Site "Ulyanovsk"]
[Date "2013.03.31"]
[Round "6.8"]
[White "Saveliev, Dmitri"]
[Black "Tsai, Roman"]
[Result "1-0"]
[WhiteElo "2106"]
[BlackElo "1816"]
[PlyCount "89"]
[EventDate "2013.04.07"]
[EventType "swiss"]
[EventRounds "9"]
[EventCountry "RUS"]
[SourceDate "2005.09.12"]

1. b4 e6 2. Bb2 Nf6 3. b5 c6 4. e3 Be7 5. a4 a6 6. c4 d5 7. Nf3 Bd7 8. Nc3 O-O
9. Be2 Qc7 10. Qb3 dxc4 11. Bxc4 h6 12. O-O Rc8 13. b6 Qd8 14. d4 Nd5 15. a5
Nxc3 16. Bxc3 Be8 17. Rfd1 Nd7 18. Ne5 Nf6 19. f3 Nd5 20. Be1 Bf6 21. e4 Nf4
22. g3 Bxe5 23. dxe5 Qg5 24. Bd2 Nh3+ 25. Kg2 Qh5 26. Bxe6 Rd8 27. Bxh3 Qxe5
28. Bf4 Qc5 29. Kh1 Qf2 30. Bg2 c5 31. Be3 Qe2 32. Re1 c4 33. Qa3 Qc2 34. Rec1
Qe2 35. Re1 Qc2 36. Bf1 Rac8 37. Rec1 Qb3 38. Rxc4 Qxa3 39. Rxa3 Rxc4 40. Bxc4
Bc6 41. Rd3 Rxd3 42. Bxd3 f6 43. Bc4+ Kf8 44. Bc5+ Ke8 45. Kg2 1-0

[Event "Students Op 2013"]
[Site "Ulyanovsk"]
[Date "2013.03.31"]
[Round "6.9"]
[White "Samborskiy, Vadim"]
[Black "Pegov, Valery"]
[Result "1-0"]
[WhiteElo "2080"]
[BlackElo "1641"]
[PlyCount "81"]
[EventDate "2013.04.07"]
[EventType "swiss"]
[EventRounds "9"]
[EventCountry "RUS"]
[SourceDate "2005.09.12"]

1. e4 e5 2. Nf3 Nc6 3. Bc4 Bc5 4. c3 Nf6 5. d3 d5 6. exd5 Nxd5 7. b4 Ndxb4 8.
cxb4 Bd4 9. Nxd4 Qxd4 10. Bd2 Bg4 11. Qb3 Qxa1 12. Bc3 Nd4 13. Qa4+ Bd7 14. Qd1
Bg4 15. f3 Nxf3+ 16. gxf3 Bxf3 17. Qb3 Qxb1+ 18. Qxb1 Bxh1 19. Bxe5 O-O-O 20.
Kf2 Bc6 21. b5 Bd5 22. Bxg7 Rhg8 23. Qb2 Rd6 24. Qc3 Bxc4 25. dxc4 f6 26. Qh3+
Rd7 27. Bxf6 Rf8 28. Qe6 b6 29. Kg2 Rff7 30. Kh3 Kb8 31. Kh4 Kb7 32. a4 Kb8 33.
a5 bxa5 34. c5 Rxf6 35. Qxf6 Rd5 36. Qf8+ Kb7 37. Qf2 c6 38. Qf7+ Kc8 39. bxc6
Rd4+ 40. Kh5 Rd2 41. Qb7+ 1-0

[Event "Students Op 2013"]
[Site "Ulyanovsk"]
[Date "2013.04.06"]
[Round "7"]
[White "Ulanov, Alexandr"]
[Black "Sounov, Batyr"]
[Result "1-0"]
[WhiteElo "2390"]
[BlackElo "1877"]
[PlyCount "63"]
[EventDate "2013.04.07"]
[EventType "swiss"]
[EventRounds "9"]
[EventCountry "RUS"]
[SourceDate "2005.09.12"]

1. e4 c5 2. Nf3 Nc6 3. d4 cxd4 4. Nxd4 a6 5. Nc3 e6 6. Nxc6 bxc6 7. e5 Ne7 8.
f4 Nf5 9. Ne4 Be7 10. Bd3 Qb6 11. Qe2 O-O 12. g4 Bh4+ 13. Kd1 Ne7 14. c3 Nd5
15. c4 f5 16. gxf5 exf5 17. Nd6 Ne7 18. Be3 Qb4 19. Kc2 Rb8 20. b3 a5 21. Qh5
a4 22. Rab1 axb3+ 23. axb3 Ng6 24. Bxf5 Be7 25. Bxg6 hxg6 26. Qxg6 Bxd6 27.
Qxd6 Qb7 28. Rhg1 c5 29. Rxg7+ Kxg7 30. Qe7+ Kg6 31. Rg1+ Kf5 32. Qh7+ 1-0

[Event "Students Op 2013"]
[Site "Ulyanovsk"]
[Date "2013.04.06"]
[Round "7"]
[White "Usachev, Andrey"]
[Black "Mirzaev, Aziz"]
[Result "0-1"]
[WhiteElo "1893"]
[BlackElo "2182"]
[PlyCount "66"]
[EventDate "2013.04.07"]
[EventType "swiss"]
[EventRounds "9"]
[EventCountry "RUS"]
[SourceDate "2005.09.12"]

1. e4 c5 2. Nf3 Nc6 3. c4 g6 4. Nc3 Bg7 5. d3 Nf6 6. h3 O-O 7. Bg5 h6 8. Be3 d6
9. Qd2 Kh7 10. g4 Ng8 11. d4 cxd4 12. Nxd4 Bd7 13. O-O-O Na5 14. Nb3 Rc8 15.
Nxa5 Qxa5 16. Bd4 Bxd4 17. Qxd4 b5 18. Kb1 bxc4 19. Bxc4 Nf6 20. f3 Rc5 21. Bb3
Be6 22. h4 Bxb3 23. axb3 Rb8 24. g5 Rxb3 25. Rd3 Qa3 26. Rh2 Ra5 27. Kc1 Qa1+
28. Nb1 Ra4 29. Qe3 Rc4+ 30. Rc3 Rcxc3+ 31. Qxc3 Rxc3+ 32. bxc3 Nh5 33. Rb2 Qa6
0-1

[Event "Students Op 2013"]
[Site "Ulyanovsk"]
[Date "2013.04.06"]
[Round "7"]
[White "Olisov, Andrey"]
[Black "Beldyugin, Alexey"]
[Result "1-0"]
[WhiteElo "2149"]
[BlackElo "2061"]
[PlyCount "61"]
[EventDate "2013.04.07"]
[EventType "swiss"]
[EventRounds "9"]
[EventCountry "RUS"]
[SourceDate "2005.09.12"]

1. e4 e6 2. d4 d5 3. e5 b6 4. b3 Qd7 5. Nf3 Ba6 6. c4 Bb4+ 7. Bd2 Bxd2+ 8. Qxd2
Ne7 9. Nc3 O-O 10. Bd3 c5 11. dxc5 bxc5 12. Qe2 Ng6 13. g3 Nc6 14. Na4 dxc4 15.
Bxg6 fxg6 16. Nxc5 Qd5 17. Nxa6 Rxf3 18. O-O Raf8 19. Qxc4 Qxc4 20. bxc4 Nxe5
21. Rac1 Rc8 22. c5 Ra3 23. Nb4 a5 24. Nc2 Rxa2 25. Nd4 Kf7 26. Rfd1 Ra4 27.
Nb5 Ke7 28. Na7 Rc7 29. Nb5 Rd7 30. Nd6 Nc6 31. Nc8+ 1-0

[Event "Students Op 2013"]
[Site "Ulyanovsk"]
[Date "2013.04.06"]
[Round "7"]
[White "Kolosov, Anatoly"]
[Black "Arslanov, Ildar"]
[Result "0-1"]
[WhiteElo "1915"]
[BlackElo "2138"]
[PlyCount "106"]
[EventDate "2013.04.07"]
[EventType "swiss"]
[EventRounds "9"]
[EventCountry "RUS"]
[SourceDate "2005.09.12"]

1. e4 c5 2. Nf3 e6 3. d4 cxd4 4. Nxd4 Nf6 5. Nc3 d6 6. Be3 Nc6 7. Be2 Be7 8.
O-O O-O 9. f4 Qc7 10. g4 Nxd4 11. Bxd4 e5 12. Be3 exf4 13. Rxf4 Be6 14. Nd5
Bxd5 15. exd5 Nd7 16. Rf5 Bf6 17. c3 Rfe8 18. Qd2 g6 19. Rf3 Re7 20. Raf1 Rae8
21. Bb5 Bg7 22. Kg2 a6 23. Ba4 b5 24. Bb3 Ne5 25. Rg3 Nc4 26. Bxc4 Qxc4 27. Rf2
Re5 28. Rf4 Qxd5+ 29. Qxd5 Rxd5 30. Rf2 Rd3 31. Bf4 Rxg3+ 32. Bxg3 Be5 33. Re2
Kf8 34. Bh4 f6 35. Bf2 Kf7 36. h3 Ke6 37. Kf3 Rh8 38. Bd4 h5 39. Bxe5 dxe5 40.
Re4 hxg4+ 41. hxg4 Kd5 42. Rb4 f5 43. a4 Kc5 44. axb5 axb5 45. Rb3 e4+ 46. Kg3
Re8 47. Ra3 Kc4 48. gxf5 gxf5 49. Kf4 e3 50. Ra1 e2 51. Re1 Kd3 52. Kf3 Kd2 53.
Kf2 Re4 0-1

[Event "Students Op 2013"]
[Site "Ulyanovsk"]
[Date "2013.04.06"]
[Round "7"]
[White "Uryadov, Sergey S"]
[Black "Samborskiy, Vadim"]
[Result "1/2-1/2"]
[WhiteElo "1977"]
[BlackElo "2080"]
[PlyCount "102"]
[EventDate "2013.04.07"]
[EventType "swiss"]
[EventRounds "9"]
[EventCountry "RUS"]
[SourceDate "2005.09.12"]

1. d4 d5 2. Nf3 c5 3. c4 dxc4 4. Nc3 cxd4 5. Qxd4 Qxd4 6. Nxd4 Nf6 7. e4 a6 8.
Bxc4 e6 9. f3 b5 10. Bb3 Bc5 11. Be3 O-O 12. Ke2 Nbd7 13. Rhd1 Re8 14. Rac1 Bb7
15. g4 h6 16. h4 Nb6 17. g5 hxg5 18. hxg5 Nfd7 19. g6 Bxd4 20. gxf7+ Kxf7 21.
Bxd4 Nc4 22. Bxc4 bxc4 23. Bxg7 Nc5 24. Bd4 Nd3 25. Rb1 e5 26. Be3 Rh8 27. Rh1
Rag8 28. Rxh8 Rxh8 29. b3 Rh2+ 30. Kf1 Rh1+ 31. Bg1 cxb3 32. Rxb3 Bc8 33. Kg2
Rh3 34. Nd5 Nf4+ 35. Nxf4 exf4 36. Bh2 Rh4 37. Rb6 a5 38. a3 a4 39. e5 Bh3+ 40.
Kg1 Be6 41. Rb4 Bd5 42. Kg2 Bxf3+ 43. Kxf3 Rxh2 44. Rxa4 Ke6 45. Ke4 Re2+ 46.
Kxf4 Rf2+ 47. Ke4 Re2+ 48. Kd4 Rxe5 49. Ra6+ Kf5 50. a4 Re1 51. Rb6 Re4+
1/2-1/2

[Event "Students Op 2013"]
[Site "Ulyanovsk"]
[Date "2013.04.06"]
[Round "7"]
[White "Kovtun, Sergey"]
[Black "Mironov, Vitalij"]
[Result "0-1"]
[WhiteElo "2025"]
[BlackElo "1909"]
[PlyCount "94"]
[EventDate "2013.04.07"]
[EventType "swiss"]
[EventRounds "9"]
[EventCountry "RUS"]
[SourceDate "2005.09.12"]

1. e4 c6 2. d4 d5 3. e5 Bf5 4. Nf3 e6 5. Bd3 Bxd3 6. Qxd3 Nd7 7. O-O Ne7 8. Nh4
c5 9. c3 Nc6 10. Nf3 Be7 11. Be3 Qc7 12. Rc1 O-O 13. Ng5 Bxg5 14. Bxg5 cxd4 15.
cxd4 Qb6 16. Be3 Qxb2 17. Nc3 Nb6 18. Nb5 Nc4 19. Rcb1 Nb4 20. Qd1 Qc2 21. Rxb4
Qf5 22. Nc3 b6 23. a4 f6 24. exf6 Rxf6 25. Qe2 Rc8 26. Rc1 Rcf8 27. Re1 Rc8 28.
Bc1 Na5 29. Nb5 Rc2 30. Qf3 Qg6 31. Qg3 Qxg3 32. hxg3 Rfxf2 33. Kh2 Rxg2+ 34.
Kh3 Rh2+ 35. Kg4 Nc6 36. Rb1 Kf7 37. Nd6+ Ke7 38. Ba3 Kd7 39. Nf7 Nxd4 40. Ne5+
Ke8 41. Rbc1 h5+ 42. Kg5 h4 43. Rxc2 Nxc2 44. Nf3 Nxe1 45. Nxh2 hxg3 46. Nf3
Nxf3+ 47. Kf4 g2 0-1

[Event "Students Op 2013"]
[Site "Ulyanovsk"]
[Date "2013.04.06"]
[Round "7"]
[White "Bataev, Victor"]
[Black "Sinicin, Vladimir"]
[Result "0-1"]
[WhiteElo "1764"]
[BlackElo "1655"]
[PlyCount "76"]
[EventDate "2013.04.07"]
[EventType "swiss"]
[EventRounds "9"]
[EventCountry "RUS"]
[SourceDate "2005.09.12"]

1. d4 e6 2. c4 d5 3. Nc3 c5 4. cxd5 exd5 5. Nf3 Nf6 6. e3 Nc6 7. Bd3 Bg4 8. Be2
c4 9. h3 Bf5 10. Nh4 Be6 11. Nf3 Bd6 12. Bd2 O-O 13. g4 a6 14. Ng5 Bd7 15. Qb1
g6 16. Nf3 h5 17. a3 Be6 18. e4 dxe4 19. Nxe4 Bd5 20. Nxf6+ Qxf6 21. Bg5 Qe6
22. Be3 Rae8 23. Qd1 f5 24. gxf5 Rxf5 25. Rg1 Bf4 26. Ng5 Bxg5 27. Rxg5 Rxg5
28. Bxg5 Bf3 29. Be3 Bxe2 30. Kxe2 Rd8 31. Kf1 Qxh3+ 32. Kg1 Ne5 33. f3 Qg3+
34. Kf1 Nxf3 35. Qe2 Nh2+ 36. Qxh2 Qxh2 37. Rd1 Rf8+ 38. Ke1 Qg2 0-1

[Event "Students Op 2013"]
[Site "Ulyanovsk"]
[Date "2013.04.06"]
[Round "7"]
[White "Pegov, Valery"]
[Black "Golubchikov, Alexey"]
[Result "1/2-1/2"]
[WhiteElo "1641"]
[BlackElo "1763"]
[PlyCount "164"]
[EventDate "2013.04.07"]
[EventType "swiss"]
[EventRounds "9"]
[EventCountry "RUS"]
[SourceDate "2005.09.12"]

1. e4 c6 2. d4 d5 3. f3 e5 4. Ne2 dxe4 5. fxe4 Bg4 6. Nbc3 Bxe2 7. Nxe2 Nf6 8.
Qd3 Be7 9. dxe5 Ng4 10. Qxd8+ Bxd8 11. Bf4 Bb6 12. Bg3 Ne3 13. Rc1 Nd7 14. c3
Nc4 15. e6 fxe6 16. Nd4 Bxd4 17. Bxc4 Bf6 18. Bd6 Ne5 19. Bxe5 Bxe5 20. Bxe6
Ke7 21. Bb3 Rad8 22. Rf1 Rhf8 23. g3 Rxf1+ 24. Kxf1 Rd2 25. Rc2 Rxc2 26. Bxc2
h6 27. Kg2 Bf6 28. Kf3 Ke6 29. h3 Be5 30. Bb3+ Kf6 31. h4 c5 32. a4 b6 33. Bc4
Bc7 34. Bb5 Be5 35. g4 g5 36. h5 Bf4 37. Ke2 Bc1 38. b3 Ke5 39. Kd3 Bf4 40. Bd7
Kd6 41. Bc8 Be5 42. Kc4 a5 43. Bb7 Bf4 44. Bc8 Be5 45. Bf5 Bf4 46. Bg6 Be5 47.
Be8 Bf4 48. b4 axb4 49. cxb4 cxb4 50. Kxb4 Be3 51. Kb5 Bd4 52. Ka6 Kc7 53. Bb5
Be5 54. Bc4 Bd4 55. Kb5 Kd6 56. Bf7 Be3 57. Kc4 Ke5 58. Bg6 Bf2 59. Kb5 Kd6 60.
a5 bxa5 61. Kxa5 Ke5 62. Kb5 Kf6 63. Kc6 Bg3 64. Kd7 Be5 65. Ke8 Kg7 66. Ke7
Bb2 67. Ke6 Bc3 68. e5 Bb4 69. Kd7 Kf8 70. Bd3 Ba3 71. Bc4 Bb2 72. Ke6 Kg7 73.
Kf5 Bc3 74. Ke6 Bb4 75. Kd7 Kf8 76. Kd8 Be7+ 77. Kd7 Bb4 78. Ke6 Kg7 79. Kf5
Bc3 80. e6 Bf6 81. Bb5 Be7 82. Ke5 Ba3 1/2-1/2

[Event "Students Op 2013"]
[Site "Ulyanovsk"]
[Date "2013.04.06"]
[Round "7"]
[White "Zubov, Anton"]
[Black "Gabunov, Fail"]
[Result "1-0"]
[WhiteElo "1537"]
[BlackElo "1818"]
[PlyCount "125"]
[EventDate "2013.04.07"]
[EventType "swiss"]
[EventRounds "9"]
[EventCountry "RUS"]
[SourceDate "2005.09.12"]

1. e4 c6 2. d4 d5 3. Nc3 dxe4 4. Nxe4 Bf5 5. Nc3 Nf6 6. Nf3 h6 7. Bd3 Bxd3 8.
Qxd3 Qc7 9. Be3 e6 10. O-O-O Nbd7 11. a3 O-O-O 12. Qc4 Nb6 13. Qb3 Bd6 14. g3
Rhe8 15. Na4 Nxa4 16. Qxa4 b6 17. c4 Ng4 18. c5 Nxe3 19. cxd6 Rxd6 20. fxe3 f6
21. e4 Red8 22. e5 Rd5 23. Kb1 Kb7 24. Rhe1 f5 25. Qc2 g5 26. h3 g4 27. hxg4
fxg4 28. Nd2 Rxd4 29. Nc4 Rxd1+ 30. Rxd1 Rd5 31. Nd6+ Ka8 32. Rxd5 exd5 33. Qg6
a5 34. Qe8+ Ka7 35. Qf7 Kb8 36. Qe8+ Ka7 37. Qf7 Kb8 38. Qxc7+ Kxc7 39. Nf5 h5
40. Kc2 c5 41. Ng7 h4 42. gxh4 g3 43. Ne6+ Kd7 44. Nf4 g2 45. Nxg2 Ke6 46. h5
Kxe5 47. h6 Kf6 48. h7 Kg7 49. h8=Q+ Kxh8 50. Nf4 d4 51. Kd3 Kg7 52. Kc4 Kf7
53. Nd5 d3 54. Kxd3 b5 55. Nc7 b4 56. Kc4 Ke7 57. Kxc5 Kd7 58. Nd5 bxa3 59.
bxa3 Kc8 60. Kb5 Kd7 61. Kxa5 Kc6 62. Nb4+ Kb7 63. Kb5 1-0

[Event "Students Op 2013"]
[Site "Ulyanovsk"]
[Date "2013.04.07"]
[Round "8"]
[White "Saveliev, Dmitri"]
[Black "Ulanov, Alexandr"]
[Result "0-1"]
[WhiteElo "2106"]
[BlackElo "2390"]
[PlyCount "122"]
[EventDate "2013.04.07"]
[EventType "swiss"]
[EventRounds "9"]
[EventCountry "RUS"]
[SourceDate "2005.09.12"]

1. d4 Nf6 2. Nf3 g6 3. Nc3 d5 4. Bf4 Bg7 5. e3 O-O 6. Be2 Bf5 7. Ne5 c5 8. O-O
Nbd7 9. Bf3 cxd4 10. exd4 Nb6 11. Ne2 Rc8 12. c3 Be4 13. Nc1 Bxf3 14. Qxf3 Ne4
15. Qe2 f6 16. Ned3 Re8 17. f3 e5 18. fxe4 exf4 19. Nxf4 dxe4 20. Nb3 Nd5 21.
Qb5 Nxf4 22. Rxf4 b6 23. Re1 f5 24. Re2 Qd6 25. Rf1 h5 26. Nd2 Re7 27. Nc4 Qc6
28. Qxc6 Rxc6 29. Ne3 b5 30. g3 b4 31. Nd5 Rb7 32. Nxb4 Bxd4+ 33. cxd4 Rxb4 34.
Rd1 Kf7 35. Kf2 Ke7 36. h3 Kd6 37. g4 hxg4 38. hxg4 Kd5 39. gxf5 Rf6 40. Rc2
Rxd4 41. Rdc1 Ke5 42. Rc5+ Rd5 43. Rxd5+ Kxd5 44. Rc7 a6 45. a4 gxf5 46. a5 Rc6
47. Rf7 Ke5 48. Ke3 Rd6 49. Re7+ Kf6 50. Ra7 Rd3+ 51. Ke2 Rb3 52. Rxa6+ Ke5 53.
Ra8 Rxb2+ 54. Kd1 Ra2 55. a6 Kf4 56. Kc1 e3 57. Kb1 Ra5 58. Kc2 e2 59. Re8 Kf3
60. Kd2 Ra2+ 61. Kd3 f4 0-1